| 000 | 04183nam a2200397 i 4500 | ||
|---|---|---|---|
| 003 | EG-GICUC | ||
| 005 | 20260408114642.0 | ||
| 008 | 260408s2025 ua ||||f m||| 00| 0 ara d | ||
| 040 |
_aEG-GICUC _cEG-GICUC _dEG-GICUC _erda _bara |
||
| 041 | 0 | _aara | |
| 049 | _aإهداء | ||
| 082 | 0 | 4 |
_a343.11223 _221 |
| 097 | _aPh.D | ||
| 099 | _aLaw 10 PHD 2025 | ||
| 100 | 0 |
_aعماد الدين الدرمللي عبد الرازق _eمؤلف. |
|
| 245 | 1 | 0 |
_aالحماية الجنائية في مواجهة استخدامات الطاقة النووية في القانون المصري والمقارن / _cإعداد عماد الدين الدرمللي عبد الرازق؛ إشراف الأستاذ الدكتور عمر محمد سالم. |
| 264 | 0 |
_aالجيزة : _bكلية الحقوق-جامعة القاهرة، _c2025. |
|
| 300 |
_a506 صفحة؛ _c24 سم |
||
| 336 |
_atext _2rda content |
||
| 337 |
_aComputer _2rda media |
||
| 338 |
_aOnline Resource _2rda carrier |
||
| 502 | _a أطروحة (دكتوراه)-جامعة القاهرة-كلية الحقوق-قسم القانون الجنائي، 2025. | ||
| 504 | _aيشتمل على إرجاعات بيبليوجرافية: 472-497 | ||
| 520 | 3 | _aلقد أصبح استخدام الطاقة النووية مطلباً هاماً يستحوذ على اهتمام الكثير من الدول لدخولها في شتى مناحي الحياه من عسكرية ومدنية أو سلمية بمجالاتها المختلفة صناعية كانت أو زراعية أو طبية أو تعدينية إلى غير ذلك من المجالات الأخرى فضلاً عن دخولها في مجالات أبحاث الفضاء والعلوم الكونية بل لقد صار ذلك الأمر اتجاه عام تملكه جميع الدول التي تملك الإمكانيات اللازمة لإرتياد هذا المجال وغدا ذلك مطلباً عاماً يستحوذ على اهتمامها فرادى أو جماعات بل وسعت بكل السبل والوسائل التي يحوزنها من أجل تحقيقه ولكل منها وجهة نظرها وقصدها من الغرض في امتلاك تلك الطاقة. وقد كان للرأي العام العالمي الذي صدم بما حدث في هيروشيما ونجازاكي أكبر الأثر في توجيه الفكر إلى ضرورة قصر استخدام الطاقة الذرية على الأغراض السلمية وتوجس رئيس الولايات المتحدة الأمريكية السابق الرئيس تورمان حقيقة من أن تصبحالقنبلة الذرية وسيلة لفض المنازعات الدولية فأصدر مع رئيس وزراء المملكة المتحدة ورئيس وزراء كندا في ١٥ نوفمبر ١٩٤٥ تصريحاً مشتركا تضمن أن استخدام الاكتشافات العلمية في الحرب قد وفر للإنسان وسيلة تدمير لم تعرف من قبل لا يمكن أن يكفي تجاهها أي دفاع عسكري ولا يمكن أن يقتصر استخدامها على جانب واحد وأكدوا ان مسئولية إيجاد وسائل تضمن استخدام الاكتشافات العلمية الحديثة لخدمة البشرية وليس لتدميرها تقع على عاتق الشعوب المتقدمة في جميع انحاء العالم . | |
| 650 | 0 | 4 | _aالقانون الجنائي |
| 653 | 0 | _aاستخدام الاكتشافات العلمية الحديثة لخدمة البشرية | |
| 653 | 0 | _aشتى مناحي الحياه من عسكرية ومدنية أو سلمية | |
| 653 | 0 | _aاستخدام الطاقة النووية | |
| 655 | 4 |
_aرسائل جامعية _zجامعة القاهرة _xالقانون الجنائي |
|
| 700 | 0 |
_aعمر محمد سالم _eمشرف. |
|
| 710 | 2 |
_aجامعة القاهرة _bكلية الحقوق |
|
| 856 | _uhttps://fll.law.cu.edu.eg/fulltext/th/T10-04345.pdf | ||
| 900 |
_b2025 _Uجامعة القاهرة _Fكلية الحقوق _Dقسم القانون الجنائي |
||
| 905 | _a64 | ||
| 942 |
_2ddc _cTH _e21 _n0 |
||
| 999 | _c69651 | ||